000 00712nam a22001937a 4500
003 OSt
005 20240904094929.0
008 240904b ||||| |||| 00| 0 eng d
040 _cAIMIT LIBRARY
100 _aKamath, Pavan Shrikanth.
_e2216126
_9178653
245 _aStudy on financial performance of pierian services pvt ltd (Service industry) /
_cBy Pavan Shrikanth Kamath ; Guided by Ravi Kudtarkar.
260 _aBangalore ;
_c2024.
650 _aIntroduction to study
_9178654
650 _aResearch questions
_9178655
650 _aScope of the study
_9178656
700 _aKudtarkar, Ravi.
_eGuide.
_9178657
856 _3Pierian Services Private Limited.
_ywww.pieriansservices.com
942 _2ddc
_cPRO
999 _c231724
_d231724